Ochrana prevádzky pri využití optického média na prenos informácií

Saved in:
Bibliographic Details
Main Author: Novák, Peter, 1986- (Author)
Other Authors: Róka, Rastislav, 1972- (Thesis advisor)
Format: Manuscript Book
Language:Slovak
Published: Bratislava : STU v Bratislave FEI, 2011
Subjects:
Online Access:VAIS
Tags: Add Tag
No Tags, Be the first to tag this record!

MARC

LEADER 00000ntm a22000003a 4500
001 stu231313
005 20250613090337.1
008 110713s2011----xo------------------slo-d
040 |a STU  |b slo 
041 0 |a slo 
044 |a xo 
100 1 |a Novák, Peter,  |d 1986-  |4 aut  |u E  |T FEI Fakulta elektrotechniky a informatiky  |X 56422  |U E  |Y 30  |7 A000056422 
242 0 0 |a Traffic protection in data transmission over optical medium  |y eng 
245 1 |a Ochrana prevádzky pri využití optického média na prenos informácií 
260 |a Bratislava :  |b STU v Bratislave FEI,  |c 2011 
300 |a 36 s 
650 7 |a porucha  |2 stusub 
650 7 |a prenos  |2 stusub 
650 7 |a topológia  |2 stusub 
650 7 |a fault  |2 estusub 
650 7 |a transmission  |2 estusub 
650 7 |a Telekomunikácie  |2 stusub 
650 7 |a Telecommunications  |2 estusub 
700 1 |a Róka, Rastislav,  |d 1972-  |4 ths  |u E070  |U FEI Fakulta elektrotechniky a informatiky  |T FEI Ústav telekomunikácií  |X 1946  |U E070  |Y 818  |7 A000001946 
856 4 |a info a plný text  |u http://is.stuba.sk/zp/portal_zp.pl?podrobnosti=78409  |3 VAIS 
996 |b 284ER00504  |c E*Bc-504  |l EE16  |s P  |a 0  |w stu231313_0001